书目信息 |
| 题名: |
心理学经典人物及其理论
|
|
| 作者: | 郭本禹 主编 | |
| 分册: | ||
| 出版信息: | 合肥 安徽人民出版社 2005.03 |
|
| 页数: | 300页 | |
| 开本: | 24cm | |
| 丛书名: | 心理学经典系列 | |
| 单 册: | ||
| 中图分类: | K815.1 , B84-091 | |
| 科图分类: | ||
| 主题词: | 心理学家--xin li xue jia--评传--世界 , 心理学史--xin li xue shi--世界 | |
| 电子资源: | ||
| ISBN: | 7-212-02596-8 | |
| 000 | 01037nam 2200289 450 | |
| 001 | 012008802884 | |
| 005 | 20080504101912.71 | |
| 010 | @a7-212-02596-8@dCNY35.00 | |
| 100 | @a20080429d2005 em y0chiy0120 ea | |
| 101 | 0 | @achi |
| 102 | @aCN@b340000 | |
| 105 | @ac a 000yy | |
| 106 | @ar | |
| 200 | 1 | @a心理学经典人物及其理论@Axin li xue jing dian ren wu ji qi li lun@f郭本禹主编@Fguo ben yu zhu bian |
| 210 | @a合肥@c安徽人民出版社@d2005.03 | |
| 215 | @a300页@c肖像@d24cm | |
| 225 | 2 | @a心理学经典系列@Axin li xue jing dian xi lie |
| 320 | @a有书目 | |
| 330 | @a本书再现了15位心理学大师们成长的全程,在他们发人深省的生平经历中,在他们引来会心一笑的轶事趣闻中,在他们创建理论的艰辛过程中,让读者与大师同行,领略他们的心路历程。 | |
| 410 | 0 | @12001 @a心理学经典系列 |
| 606 | 0 | @a心理学家@Axin li xue jia@x评传@y世界 |
| 606 | 0 | @a心理学史@Axin li xue shi@y世界 |
| 690 | @aK815.1@v4 | |
| 690 | @aB84-091@v4 | |
| 701 | 0 | @a郭本禹@Aguo ben yu@4主编 |
| 801 | 0 | @aCN@bQSSK@c20080504 |
| 905 | @b299365-66@dK815.1@eG788@f2 | |
| 心理学经典人物及其理论/郭本禹主编.-合肥:安徽人民出版社,2005.03 |
| 300页:肖像;24cm.-(心理学经典系列) |
| ISBN 7-212-02596-8:CNY35.00 |
| 本书再现了15位心理学大师们成长的全程,在他们发人深省的生平经历中,在他们引来会心一笑的轶事趣闻中,在他们创建理论的艰辛过程中,让读者与大师同行,领略他们的心路历程。 |
| ● |
| 相关链接 |
|
|
|
正题名:心理学经典人物及其理论
索取号:K815.1/G788
 
预约/预借
| 序号 | 登录号 | 条形码 | 馆藏地/架位号 | 状态 | 备注 |
| 1 | 299365 | 202993653 | 社科库309/309社科库 42排6列6层/ [索取号:K815.1/G788] | 在馆 | |
| 2 | 299366 | 202993662 | 社科库309/ [索取号:K815.1/G788] |
已借出,限还日期为2018.06.07 借出人:丁秋蕊 |